000 00443nam a2200181Ia 4500
001 15505
005 20260306170201.0
008 260306t2016||||xx |||||||||||||| ||und||
041 _aESP
082 _a541.369
_bB24
100 _aBarbosa Saldaña, Juan Gabriel
_eAUT
245 0 _aTermodinámica para ingenieros
260 _c2016
300 _ax, 419 páginas :
_c27 cm.
650 _aGEN
654 _aCCN
942 _cLIB
_dJUS
_fJUS
_2ddc
_n
999 _c15505
_d15505